| 000 | 01793nam a22004451i 4500 | ||
|---|---|---|---|
| 001 | vtls000966732 | ||
| 003 | PNM | ||
| 005 | 20250119155102.0 | ||
| 008 | 220721s2022 my er 000 0 may | ||
| 015 | _aM22-11374 | ||
| 020 |
_a9789672910121 _qpaperback _cRM37.00 |
||
| 039 | 9 |
_a202303071127 _bzulkeply_t |
|
| 040 |
_aBNM _beng _cBNM _dPPAK _erda |
||
| 041 | 1 |
_amay _hara |
|
| 049 | _amal | ||
| 082 | 0 | 4 |
_223 _a297.385 |
| 090 | 0 | 0 |
_a297.385 _bALB _dG |
| 100 | 0 |
_aAl-Albani, Muhammad Nasir al-Din, _cShaykh, _eauthor. |
|
| 245 | 1 | 0 |
_6880-01 _aTALKHIS AHKAM AL-JANA'IZ = _bRingkasan Hukum-Hakam Berkaitan JENAZAH / _cSHAYKH MUHAMMAD NASIR AL-DIN AL-ALBANI ; Penterjemah: Abu Husna Azzahari bin Murad ; Penyunting: Muhammad Syakir Kamal & Abdullah Izzat Tengku Sidek ; Penyunting Bahasa Melayu: Ahmad Sabri Jinlapudin |
| 246 | 3 | 3 |
_aRingkasan hukum-hakam berkaitan jenazah : _bTalkhis ahkam al-jana'iz |
| 264 | 1 |
_aSerendah, Selangor : _bKarya PiS Sdn. Bhd., _c2022 |
|
| 300 |
_a372 pages ; _c22 cm |
||
| 336 |
_atext _2rdacontent |
||
| 337 |
_aunmediated _2rdamedia |
||
| 338 |
_avolume _2rdacarrier |
||
| 500 | _aContains verses from the Qur'an and quotes from the Hadith | ||
| 504 | _aBibliography: pages 368-372 | ||
| 546 | _aTranslated from Arabic | ||
| 650 | 1 | 0 |
_aDeath _xReligious aspects _xIslam |
| 650 | 2 | 0 |
_aDead _xReligious aspects _xIslam |
| 650 | 2 | 0 | _aIslamic funeral rites and ceremonies |
| 650 | 2 | 0 |
_aIslam _xRituals |
| 650 | 2 | 0 |
_aIslam _xCustoms and practices |
| 700 | 0 |
_aAbu Husna Azzahari bin Murad, _eeditor. |
|
| 700 | 0 |
_aMuhammad Syakir Kamal, _eeditor. |
|
| 700 | 0 |
_aAbdullah Izzat Tengku Sidek, _eeditor. |
|
| 700 | 0 |
_aAhmad Sabri Jinlapudin, _eeditor. |
|
| 880 | 1 | 0 |
_6245-01/(3/r _aتلخص احكام الجنائز |
| 942 |
_2ddc _cB |
||
| 999 |
_c198388 _d198388 |
||